000 00583nam a2200253Ia 4500
005 20260123122800.0
008 008 260114s9999 xx 000 0 eng d
020 _a9781526492692
037 _aEBOOK
040 _aCRL
040 _beng
040 _cCRL
041 _2eng
041 _aeng
084 _qCRL
100 _aFernanda Beigel
_91105499
245 0 _aSocial Life
260 _bSAGE
260 _c2019
856 _uhttps://sk.sagepub.com/books/key-texts-for-latin-american-sociology
942 _cEBOOK
999 _c1670735
_d1670735